Előszó

Elmentve itt :
Bibliográfiai részletek
Dokumentumtípus: Könyv része
Megjelent: 1936
Sorozat:A magyar huszár : a magyar lovaskatona ezer évének története
Kulcsszavak:Lovasság - magyar - 9-19. sz. - előszó, Huszárok - Magyarország - története - előszó, Hadtörténet - Magyarország - előszó
Tárgyszavak:
Online Access:http://misc.bibl.u-szeged.hu/70769
LEADER 00724naa a2200181 i 4500
001 misc70769
005 20220112155724.0
008 220112s1936 hu o 0|| hun d
040 |a SZTE Miscellanea Repozitórium  |b hun 
041 |a hun 
245 0 0 |a Előszó  |h [elektronikus dokumentum] 
260 |c 1936 
300 |a 13 
490 0 |a A magyar huszár : a magyar lovaskatona ezer évének története 
650 4 |a Bölcsészettudományok 
650 4 |a Történettudomány és régészet 
695 |a Lovasság - magyar - 9-19. sz. - előszó, Huszárok - Magyarország - története - előszó, Hadtörténet - Magyarország - előszó 
856 4 0 |u http://misc.bibl.u-szeged.hu/70769/1/magyar_huszar_1936_eloszo.pdf  |z Dokumentum-elérés